Statistics for Countries of Oceania

Click here to take the quiz!

General Stats

  • This quiz has been taken 10 times
  • The average score is 11 of 14

Answer Stats

Country% Correct
Tuvalu
100%
Australia
90%
Fiji
90%
New Zealand
90%
Solomon Islands
90%
Federated States of Micronesia
80%
Marshall Islands
80%
Nauru
80%
Palau
80%
Samoa
80%
Kiribati
70%
Tonga
70%
Papau New Guinea
30%
Vanatu
20%

Score Distribution

Percentile by Number Answered

Percent of People with Each Score

Your Score History

You have not taken this quiz